Normal view
MARC view
Entry Personal Name
001 - CONTROL NUMBER
- control field: 31431
003 - CONTROL NUMBER IDENTIFIER
- control field: OSt
005 - DATE AND TIME OF LATEST TRANSACTION
- control field: 20260629115707.0
008 - FIXED-LENGTH DATA ELEMENTS
- fixed length control field: 260629|| aca||aabn | a|a d
040 ## - CATALOGING SOURCE
- Original cataloging agency: OSt
- Transcribing agency: OSt
100 ## - HEADING--PERSONAL NAME
- Personal name: Weinbaum, Elliot (Ed.)
670 ## - SOURCE DATA FOUND
- Source citation: Work cat.: (OSt)25327: Supovitz, Jonatham (Ed.) 31430, The Implementation Gap: Understanding reform in High Schools , 2008
